Los org̕enes de la divisin̤ provincial en Espaą

Detalles Bibliográficos
Autor principal: Cebreiro Nę︢z, Jos ̌Ignacio
Formato: eBook
Lenguaje:español
Publicado: Madrid : Instituto Nacional de Administracin̤ Pb︢lica (INAP), 2012
Materias:
Acceso en línea:Acceso restringido

MARC

LEADER 00000nam a22000007a 4500
005 20120907142048.0
007 cr|||| ||||
008 120907s2012 sp |||||s|||| 00||0 spa d
020 |a 978-84-7088-756-7 
035 |a 6656 
040 |a vLex 
090 |c 3400  |d 3400 
100 1 |a Cebreiro Nę︢z, Jos ̌Ignacio 
245 1 4 |a Los org̕enes de la divisin̤ provincial en Espaą  |h [Recurso electrn̤ico] /  |c Jos ̌Ignacio Cebreiro Nę︢z  
256 |a Servicio en ln̕ea 
260 |a Madrid :  |b Instituto Nacional de Administracin̤ Pb︢lica (INAP),  |c 2012 
300 |a 1 recurso electrn̤ico 
506 1 |a Contenido solo disponible en los productos indicados  |d vLex Global   |d vLex Global (Academic Edition, excluding Law Schools)   |d vLex Global (U.S. Academic Edition, Law Schools)   |d vLex Global (U.S. Academic Edition, excluding Law Schools)   |d vLex Global (Academic Edition, Law Schools)  
650 0 4 |a Divisiones administrativas y polt̕icas 
740 0 |a vLex Libros (Servicio en ln̕ea) 
856 4 0 |u http://vlex.com/source/origenes-division-provincial-espa-a-6656  |z Acceso restringido 
942 |c BOOK 
999 0 |a Administrative and political divisions